000 00256nam a22001097a 4500
082 _a808.3 RIC'W
100 _aRICH, LOUISE DICKINSON
_957875
245 _aWE LOOK TO THE WOODS
260 _aNEWYORK
_bJ. B. LIPPINCOTT
_c1942
300 _a322P
942 _cBK
999 _c568118
_d568118